Working Title Movies Quiz Stats

 Plays Quiz Updated Dec 3, 2018

Support Sporcle.
Go Orange.
Score 0/28 Timer 07:00
0 Plays Today
Working Title Movie % Correct
Untitled Will Ferrell NASCAR ComedyTalladega Nights: The Ballad of Ricky Bobby
69.1%
Scary MovieScream
66.6%
The FantasticsThe Incredibles
54.5%
Scream If You Know What I Did Last HalloweenScary Movie
51.9%
Bruce: The Second ComingEvan Almighty
50.7%
Alone AgainHome Alone 2: Lost in New York
47.7%
Dead Toons Don't Pay BillsWho Framed Roger Rabbit?
47.1%
The Ship of DreamsTitanic
46.1%
Brian of NazarethLife of Brian
43.3%
Untitled 'The Illiad' ProjectTroy
37.5%
WiseguyGoodfellas
30.1%
How the Solar System Was Won2001: A Space Odyssey
20.7%
Blue HarvestReturn of the Jedi
20.7%
UnderdogsDodgeball: A True Underdog Story
20.2%
Working Title Movie % Correct
The WoodsThe Village
20.1%
Guy Gets KidBig Daddy
18.7%
The Greatest GiftIt's a Wonderful Life
17.7%
StillwaterAlmost Famous
17.7%
Seven DaysThe Ring
17.7%
Infernal AffairsThe Departed
17.4%
Star BeastAlien
15.1%
A Boy's LifeE.T.: The Extra-Terrestrial
14.9%
East Great Falls HighAmerican Pie
14.8%
The William Munny KillingsUnforgiven
9.8%
Rope BurnsMillion Dollar Baby
5.6%
Fight Music8 Mile
4.7%
$3,000Pretty Woman
4.6%
DiamondsSnatch
3.7%

From the Vault

ACK Rhyme Trivia

by Kicking222

This is Bill the Cat's favorite quiz.
Remove Ads.
Support Sporcle.
Get the best of Sporcle when you Go Orange. This ad-free experience offers more features, more stats, and more fun while also helping to support Sporcle. Thank you for becoming a member.

Show Comments

Extras

Top Quizzes Today


Score Distribution

Your Account Isn't Verified!

In order to create a playlist on Sporcle, you need to verify the email address you used during registration. Go to your Sporcle Settings to finish the process.

Report this User

Report this user for behavior that violates our Community Guidelines.

Details: